Normal view MARC view
  • Shashi Chawla

Entry Personal Name

Number of records used in: 1

001 - CONTROL NUMBER

  • control field: 54440

003 - CONTROL NUMBER IDENTIFIER

  • control field: NUST

005 - DATE AND TIME OF LATEST TRANSACTION

  • control field: 20210421115951.0

008 - FIXED-LENGTH DATA ELEMENTS

  • fixed length control field: 210421|| aca||aabn | a|a d

040 ## - CATALOGING SOURCE

  • Original cataloging agency: NUST
  • Transcribing agency: NUST

100 ## - HEADING--PERSONAL NAME

  • Personal name: Shashi Chawla

670 ## - SOURCE DATA FOUND

  • Source citation: Work cat.: (NUST): Shashi Chawla, A Textbook of Materials Science &Engineering, 2011
© 2023 Central Library, National University of Sciences and Technology. All Rights Reserved.